Vista normal Vista MARC

Entrada Topical Term

Número de registros utilizados en: 1

001 - CONTROL NUMBER

  • control field: 41839

003 - CONTROL NUMBER IDENTIFIER

  • control field: OSt

005 - DATE AND TIME OF LATEST TRANSACTION

  • control field: 20220105124401.0

008 - FIXED-LENGTH DATA ELEMENTS

  • fixed length control field: 220105|| aca||aabn | a|a d

040 ## - CATALOGING SOURCE

  • Original cataloging agency: OSt
  • Transcribing agency: OSt

150 ## - HEADING--TOPICAL TERM

  • Topical term or geographic name entry element: Descentralización en el gobierno.
  • Geographic subdivision: América Latina

670 ## - SOURCE DATA FOUND

  • Source citation: Work cat.: (OSt)8749: Aghón, Gabriel, 18176 director, Desarrollo económico local y descentralización en América Latina : , 2001.